000 00695nam a2200289Ia 4500
005 20260324144244.0
008 008 260324s9999 xx 000 0 eng d
020 _a9780203794340
037 _aEBOOK
040 _aCRL
040 _beng
040 _cCRL
041 _2eng
041 _aeng
084 _qCRL
100 _aLeo Lowenthal
_91190673
245 0 _aCritical Theory and Frankfurt Theorists
245 0 _bLectures-Correspondence-Conversations
260 _bTaylor and Francis
260 _c1989
365 _a
365 _b170
856 _uhttp://www.taylorfrancis.com/books/9780203794340
942 _cEBOOK
999 _c1825042
_d1825042